Library Banner

The nature of urban design : (Record no. 92423)

MARC details
000 -LEADER
fixed length control field 00559cam a2200181 i 4500
001 - CONTROL NUMBER
control field 17725618
005 - DATE AND TIME OF LATEST TRANSACTION
control field 20170408112228.0
008 - FIXED-LENGTH DATA ELEMENTS--GENERAL INFORMATION
fixed length control field 130506s2013 dcu b 001 0 eng
020 ## - INTERNATIONAL STANDARD BOOK NUMBER
International Standard Book Number 9781610916998
040 ## - CATALOGING SOURCE
Transcribing agency PK-LaUMT
082 00 - DEWEY DECIMAL CLASSIFICATION NUMBER
Classification number 711.409747
Edition number 23
Item number WAS-N
100 1# - MAIN ENTRY--PERSONAL NAME
Personal name Washburn, Alexandros
245 14 - TITLE STATEMENT
Title The nature of urban design :
Remainder of title a New York perspective on resilience /
Statement of responsibility, etc Alexandros Washburn
260 ## - PUBLICATION, DISTRIBUTION, ETC. (IMPRINT)
Place of publication, distribution, etc Washington :
Name of publisher, distributor, etc Oisland Press
Date of publication, distribution, etc 2013
300 ## - PHYSICAL DESCRIPTION
Extent xxi, 238 p. ;
Dimensions 28 cm
650 #0 - SUBJECT ADDED ENTRY--TOPICAL TERM
Topical term or geographic name as entry element City planning
Geographic subdivision New York (State)
-- New York.
942 ## - ADDED ENTRY ELEMENTS (KOHA)
Koha item type Books
Holdings
Withdrawn status Lost status Damaged status Home library Current library Date acquired Full call number Barcode Date last seen Price effective from Koha item type
      UMT Main Campus UMT Main Campus 2017-04-08 711.409747 WAS-N 107190 2019-12-04 2017-04-08 Books